Southville International School and Colleges
Your cart is empty.
  • Cart
  • Lists
    Public lists Eva Luna New books Lux_list list_1
    Your lists Log in to create your own lists
  • Log in to your account
  • Your cookies
  • Search history
Southville International School and Colleges
  • Advanced search
  • Recent comments
  • Most popular
  • Libraries

Log in to your account

Log in with GOOGLE


If you do not have an external account, but do have a local account, you can still log in:

  1. Home
  2. MARC view: To kill a mockingbird /
Normal view MARC view ISBD view

To kill a mockingbird / (Record no. 367870)

[ view plain ]
MARC details
000 -LEADER
fixed length control field 00636nam a22002177a 4500
003 - CONTROL NUMBER IDENTIFIER
control field 0
005 - DATE AND TIME OF LATEST TRANSACTION
control field 20250910141914.0
008 - FIXED-LENGTH DATA ELEMENTS--GENERAL INFORMATION
fixed length control field 250910b xxu||||| |||| 00| 0 eng d
020 ## - INTERNATIONAL STANDARD BOOK NUMBER
International Standard Book Number 978-0-06-093456-7
050 ## - LIBRARY OF CONGRESS CALL NUMBER
Classification number PS 3562
Item number .L477 1988
100 ## - MAIN ENTRY--PERSONAL NAME
Personal name Lee, Harper,
Relator term author.
245 ## - TITLE STATEMENT
Title To kill a mockingbird /
Statement of responsibility, etc Harper Lee.
260 ## - PUBLICATION, DISTRIBUTION, ETC. (IMPRINT)
Place of publication, distribution, etc New York, USA :
Name of publisher, distributor, etc Harperperennial,
Date of publication, distribution, etc 1988.
300 ## - PHYSICAL DESCRIPTION
Extent 323 pages :
Dimensions 21 cm.
650 ## - SUBJECT ADDED ENTRY--TOPICAL TERM
Topical term or geographic name as entry element Fathers and daughters
Form subdivision Fiction.
650 ## - SUBJECT ADDED ENTRY--TOPICAL TERM
Topical term or geographic name as entry element Southern States
Form subdivision Fiction.
650 ## - SUBJECT ADDED ENTRY--TOPICAL TERM
Topical term or geographic name as entry element Race relations
Form subdivision Fiction.
650 ## - SUBJECT ADDED ENTRY--TOPICAL TERM
Topical term or geographic name as entry element Trials (Rape)
Form subdivision Fiction.
650 ## - SUBJECT ADDED ENTRY--TOPICAL TERM
Topical term or geographic name as entry element Girls
Form subdivision Fiction.
942 ## - ADDED ENTRY ELEMENTS (KOHA)
Source of classification or shelving scheme Library of Congress Classification
Koha item type Books
Holdings
Withdrawn status Lost status Source of classification or shelving scheme Damaged status Home library Current library Shelving location Date acquired Source of acquisition Sub Shelving location Total Checkouts Full call number Barcode Checked out Date last seen Date checked out Price effective from Koha item type
    Library of Congress Classification   Luxembourg Library Luxembourg Library Fiction Section 11/19/2024 Library Fund   1 PS 3562 .L477 1988 21456 12/16/2025 12/09/2025 12/09/2025 09/10/2025 Books

To kill a mockingbird /

APA

Lee H., . (1988). To kill a mockingbird. New York, USA: Harperperennial.

Chicago

Lee Harper, . 1988. To kill a mockingbird. New York, USA: Harperperennial.

Harvard

Lee H., . (1988). To kill a mockingbird. New York, USA: Harperperennial.

MLA

Lee Harper, . To kill a mockingbird. New York, USA: Harperperennial. 1988.

  • Place hold
  • Print
  • Cite
  • Add to your cart (remove)
  • Save record
    BIBTEX Dublin Core MARCXML MARC (non-Unicode/MARC-8) MARC (Unicode/UTF-8) MARC (Unicode/UTF-8, Standard) MODS (XML) RIS
  • More searches
    Search for this title in:
    Other Libraries (WorldCat) Other Databases (Google Scholar) Online Stores (Bookfinder.com) Open Library (openlibrary.org)

Exporting to Dublin Core...

SOUTHVILLE LIBRARY

Southville International School and Colleges Library

1281 Tropical Ave. Cor. Luxembourg St., BF Homes International, Las Pinas City

Tel. No. 8256374 / 252358 Loc. 117/146

Powered by Koha